| 000 | 00596cab a2200217 4500 | ||
|---|---|---|---|
| 001 | X87 | ||
| 008 | 090401t xxu||||| |||| 00| 0 eng d | ||
| 035 | _a(Sirsi) u45070 | ||
| 041 | _aeng | ||
| 100 | _aFletcher, I.M. | ||
| 245 | _aFinancial problems in a development contract | ||
| 260 | _c2(3) Winter 1991/92, 336-348(7) | ||
| 350 | _a0 | ||
| 490 |
_aJournal of Property Finance _v2(3) Winter 1991/92, 336-348(7) |
||
| 650 | _aCONTRACTORS | ||
| 650 | _aDEVELOPERS | ||
| 650 |
_aInsolvency _96247 |
||
| 690 | _aPROPERTY-PROPERTY FINANCE AND INVESTMENT | ||
| 942 | _n0 | ||
| 948 | _c04/03/1997 | ||
| 999 |
_c28654 _d28654 |
||